[Event "Maastricht Limburg op-C 8th"]
[Site "Maastricht"]
[Date "2014.06.09"]
[Round "6"]
[White "Kumpen, Kurt"]
[Black "Barbaric, Marko"]
[Result "1-0"]
[WhiteElo "1392"]
[BlackElo "1410"]
[PlyCount "153"]
[EventDate "2014.06.06"]
[EventType "swiss"]
[EventRounds "7"]
[EventCountry "NED"]
[SourceTitle "EXT 2015"]
[Source "ChessBase"]
[SourceDate "2014.11.20"]
[SourceVersion "1"]
[SourceVersionDate "2014.11.20"]
[SourceQuality "1"]

1. d4 d5 2. Nf3 Bf5 3. e3 Nf6 4. c4 e6 5. Nc3 Be7 6. a3 0-0 7. Be2 h6 8. b4 a6 9. Qb3 c6 10. Ne5 Nbd7 11. Nd3 Ne4 12. Nxe4 Bxe4 13. 0-0 Bd6 14. c5 Qh4 15. cxd6 Nf6 16. Ne5 Rad8 17. f3 Bh7 18. Rf2 Rxd6 19. Bd2 Ne8 20. b5 axb5 21. Bb4 f6 22. Bxd6 Nxd6 23. Nd7 Re8 24. Bd3 Re7 25. Bxh7+ Kxh7 26. Nc5 Nf5 27. Qd3 Kg8 28. Re2 Nd6 29. Qg6 Nc4 30. Qg4 Qxg4 31. fxg4 Kf7 32. h4 e5 33. Kf2 g6 34. a4 bxa4 35. Rxa4 Nd6 36. Ra8 Rc7 37. Rb2 f5 38. dxe5 Nb5 39. g5 hxg5 40. hxg5 Re7 41. e6+ Kg7 42. Rd8 b6 43. Rd7 Kf8 44. Rxe7 Kxe7 45. Na4 Kxe6 46. Nxb6 Nc3 47. Kf3 Ne4 48. Kf4 Nc5 49. Rd2 Nb3 50. Rd1 c5 51. Nxd5 c4 52. Nc3 Nc5 53. Rd4 Nd3+ 54. Kf3 Nb2 55. Rd8 Nd3 56. Rf8 Ne5+ 57. Ke2 Ke7 58. Rf6 Kd7 59. Nd5 Ke8 60. Re6+ Kf7 61. Rxe5 Kg7 62. Re7+ Kf8 63. Ra7 Ke8 64. Nf4 Kf8 65. Nxg6+ Kg8 66. Rc7 c3 67. Ne5 c2 68. Kd2 c1Q+ 69. Kxc1 Kf8 70. Kc2 Ke8 71. Kc3 Kf8 72. Kd4 Kg8 73. Kd5 Kh8 74. Ke6 Kg8 75. Kf6 Kh8 76. Kg6 f4 77. Rc8# 1-0

[Event "Maastricht Limburg op-C 8th"]
[Site "Maastricht"]
[Date "2014.06.08"]
[Round "5"]
[White "Barbaric, Marko"]
[Black "Janssen, Fynn"]
[Result "0-1"]
[WhiteElo "1410"]
[BlackElo "1335"]
[PlyCount "118"]
[EventDate "2014.06.06"]
[EventType "swiss"]
[EventRounds "7"]
[EventCountry "NED"]
[SourceTitle "EXT 2015"]
[Source "ChessBase"]
[SourceDate "2014.11.20"]
[SourceVersion "1"]
[SourceVersionDate "2014.11.20"]
[SourceQuality "1"]

1. e4 e5 2. Nf3 Nc6 3. Bc4 Bc5 4. Nc3 d6 5. h3 Nf6 6. d3 Be6 7. Bb3 h6 8. Be3 Nd4 9. 0-0 0-0 10. Na4 Nxb3 11. axb3 Bb6 12. c4 c5 13. Nxb6 Qxb6 14. Nh4 Qd8 15. Nf5 Bxf5 16. exf5 b6 17. f4 e4 18. dxe4 Nxe4 19. Qd3 Re8 20. Rae1 Qf6 21. g4 h5 22. Bf2 Nxf2 23. Rxe8+ Rxe8 24. Rxf2 hxg4 25. hxg4 Qh4 26. Qd1 Qg3+ 27. Kf1 Re3 28. Qd2 Qh3+ 29. Kg1 Qxg4+ 30. Rg2 Qxf4 31. Rf2 Rg3+ 32. Kf1 Qxd2 33. Rxd2 Rxb3 34. Rxd6 Rxb2 35. Rd8+ Kh7 36. f6 gxf6 37. Rd7 a5 38. Rxf7+ Kg6 39. Rb7 Kg5 40. Ke1 f5 41. Rg7+ Kf4 42. Rd7 Ke3 43. Kd1 f4 44. Kc1 Rb4 45. Re7+ Kf3 46. Re6 Rxc4+ 47. Kd2 Rb4 48. Re1 Kg2 49. Re2+ Kg3 50. Kd3 c4+ 51. Kc2 f3 52. Re3 Kg2 53. Kc3 Rb3+ 54. Kc2 Rxe3 55. Kd2 Rd3+ 56. Kc2 f2 57. Kb2 f1Q 58. Ka2 Qe2+ 59. Kb1 Rd1# 0-1

[Event "Mittelrhein Verbandsliga-W 1112"]
[Site "Germany"]
[Date "2012.04.15"]
[Round "9.7"]
[White "Bieberle, Gerhart"]
[Black "Barbaric, Marko"]
[Result "1-0"]
[WhiteElo "1792"]
[BlackElo "1433"]
[PlyCount "87"]
[EventDate "2011.09.18"]
[EventType "team-tourn"]
[EventRounds "11"]
[EventCountry "GER"]
[SourceTitle "EXT 2013"]
[Source "ChessBase"]
[SourceDate "2012.11.22"]
[SourceVersion "1"]
[SourceVersionDate "2012.11.22"]
[SourceQuality "1"]
[WhiteTeam "Aachen PTSV"]
[BlackTeam "Uebach Palenberg"]
[WhiteTeamCountry "GER"]
[BlackTeamCountry "GER"]

1. d4 d5 2. c4 e5 3. dxe5 d4 4. Nf3 Nc6 5. a3 a5 6. e3 Bc5 7. exd4 Nxd4 8. Be2 Ne7 9. 0-0 Nef5 10. Nc3 0-0 11. Kh1 Qe8 12. Nxd4 Nxd4 13. f4 Nxe2 14. Qxe2 Bf5 15. Be3 Be7 16. Rad1 Qc8 17. Qf2 c5 18. Nd5 Bd8 19. Bxc5 Re8 20. Bb6 Bg4 21. Rc1 Qc6 22. Bxd8 Raxd8 23. b3 Kh8 24. h3 Bf5 25. Rfd1 h6 26. Kh2 b5 27. Ne3 Be4 28. Qe2 f5 29. cxb5 Qe6 30. Nc4 Ra8 31. Nd6 Reb8 32. Nxe4 fxe4 33. Qxe4 Qxb3 34. a4 Rf8 35. Rb1 Qa2 36. f5 Rac8 37. Rbc1 Rce8 38. Rf1 Qb2 39. Rce1 Rd8 40. f6 Rd4 41. Qg6 gxf6 42. Rxf6 Rxf6 43. exf6 Rd7 44. Re8# 1-0

[Event "Maastricht Limburg op-C 5th"]
[Site "Maastricht"]
[Date "2011.06.13"]
[Round "7"]
[White "Barbaric, Marko"]
[Black "Ingelaere, Arthur"]
[Result "1-0"]
[WhiteElo "1406"]
[BlackElo "1342"]
[PlyCount "71"]
[EventDate "2011.06.10"]
[EventType "swiss"]
[EventRounds "7"]
[EventCountry "NED"]
[SourceTitle "EXT 2012"]
[Source "ChessBase"]
[SourceDate "2011.11.24"]
[SourceVersion "1"]
[SourceVersionDate "2011.11.24"]
[SourceQuality "1"]

1. e4 c5 2. Nf3 Nc6 3. Be2 g6 4. c3 Bg7 5. d4 cxd4 6. cxd4 d6 7. Nc3 Bg4 8. h3 Bxf3 9. Bxf3 Nxd4 10. 0-0 Nxf3+ 11. Qxf3 Nf6 12. Rd1 0-0 13. e5 Nh5 14. exd6 b6 15. dxe7 Qxe7 16. Nd5 Qe5 17. Rb1 Rac8 18. Be3 Rc2 19. Bd4 Qe2 20. Qxe2 Rxe2 21. g4 Bxd4 22. Rxd4 Ng7 23. a3 Rb8 24. Nf6+ Kh8 25. Rd7 a5 26. Rxf7 Rd2 27. b4 a4 28. Rc1 Rd6 29. Kf1 Rbd8 30. Rcc7 Rxf6 31. Rxf6 Kg8 32. Rxb6 Ne8 33. Ra7 Rd3 34. Rxa4 Rxh3 35. Ra8 Kf8 36. Re6 1-0

[Event "Maastricht Limburg op-C 5th"]
[Site "Maastricht"]
[Date "2011.06.12"]
[Round "5"]
[White "Barbaric, Marko"]
[Black "Tangelder, Yonne"]
[Result "0-1"]
[WhiteElo "1406"]
[BlackElo "1595"]
[PlyCount "134"]
[EventDate "2011.06.10"]
[EventType "swiss"]
[EventRounds "7"]
[EventCountry "NED"]
[SourceTitle "EXT 2012"]
[Source "ChessBase"]
[SourceDate "2011.11.24"]
[SourceVersion "1"]
[SourceVersionDate "2011.11.24"]
[SourceQuality "1"]

1. e4 e5 2. Nf3 Nc6 3. Bc4 Bc5 4. Nc3 d6 5. d3 h6 6. h3 Be6 7. Bb3 Nge7 8. 0-0 0-0 9. Be3 Bb6 10. Qd2 Bxe3 11. fxe3 d5 12. exd5 Nxd5 13. e4 Nf4 14. Kh2 Bxb3 15. axb3 Qd6 16. Nb5 Qe7 17. Qe3 a6 18. Nc3 Qd6 19. Rf2 Ne6 20. Nh4 Ned4 21. Nd5 f5 22. exf5 Qxd5 23. Raf1 Rf6 24. Ng6 Qd6 25. Nh4 e4+ 26. Kh1 exd3 27. Qxd3 Raf8 28. Qc4+ Kh7 29. c3 Ne6 30. Qg4 Ng5 31. Ng6 Re8 32. h4 Ne4 33. Rf4 Ne5 34. Nxe5 Qxe5 35. h5 Ng5 36. b4 Qe2 37. Qh4 Qxb2 38. Rc4 c6 39. Re1 Re2 40. Rxe2 Qxe2 41. Rd4 Rxf5 42. Rf4 Qd1+ 43. Kh2 Qd6 44. g3 Rxf4 45. Qxf4 Qxf4 46. gxf4 Ne4 47. c4 Nd2 48. c5 Nb3 49. Kg3 a5 50. bxa5 Nxc5 51. Kf3 Nb3 52. a6 bxa6 53. Ke3 g6 54. hxg6+ Kxg6 55. Ke4 Kf6 56. Kd3 h5 57. Kc4 h4 58. Kxb3 h3 59. Ka4 h2 60. f5 h1Q 61. Ka5 Qd5+ 62. Kxa6 Qb5+ 63. Ka7 Kxf5 64. Ka8 Ke6 65. Ka7 Kd7 66. Ka8 Kc7 67. Ka7 Qa5# 0-1

[Event "Maastricht Limburg op-C 5th"]
[Site "Maastricht"]
[Date "2011.06.11"]
[Round "3"]
[White "Barbaric, Marko"]
[Black "Dijkstra, Hidde"]
[Result "0-1"]
[WhiteElo "1406"]
[BlackElo "1505"]
[PlyCount "88"]
[EventDate "2011.06.10"]
[EventType "swiss"]
[EventRounds "7"]
[EventCountry "NED"]
[SourceTitle "EXT 2012"]
[Source "ChessBase"]
[SourceDate "2011.11.24"]
[SourceVersion "1"]
[SourceVersionDate "2011.11.24"]
[SourceQuality "1"]

1. e4 d5 2. exd5 Nf6 3. d4 Nxd5 4. Nf3 g6 5. c4 Nb6 6. Be3 Bg7 7. Be2 0-0 8. 0-0 Nc6 9. Qd2 Re8 10. Nc3 e5 11. d5 Ne7 12. Bh6 Bh8 13. Rad1 Nf5 14. b3 Nxh6 15. Qxh6 Bg7 16. Qe3 f5 17. c5 Nd7 18. Bc4 f4 19. Qc1 Nxc5 20. Nb5 Kh8 21. d6 e4 22. Nfd4 cxd6 23. Qxf4 Be5 24. Qh6 Rf8 25. Nc7 Bg7 26. Qe3 Qxc7 27. Nb5 Qe7 28. Nxd6 Nd7 29. Rfe1 Nf6 30. Qg5 Qc7 31. Qf4 Bf5 32. Qg5 Ng4 33. h3 Ne5 34. Be2 Nd3 35. Bxd3 exd3 36. Nc4 Rae8 37. Ne3 d2 38. Rf1 Bd3 39. Rxd2 Bxf1 40. Kxf1 Qf4 41. Qc5 Rxe3 42. Qxa7 Bc3 43. Re2 Qxf2+ 44. Rxf2 Re1# 0-1